000 00706nam a22002297a 4500
003 BD-DhJNU
005 20250923044927.0
008 250923b |||||||| |||| 00| 0 eng d
020 _a9781786993496
040 _aBD-DhJNU
_bENG
_cBD-DhJNU
_dBD-DhJNU
082 _223
_a956.940520922 ORA
245 _aAn oral history of the Palestinian Nakba /
_cedited by Nahla Abdo and Nur Masalha
260 _aLondon :
_b Zed Books,
_c2021.
300 _avii, 315p. :
_bill. ;
_c25 cm.
504 _aIncludes bibliographical references
650 _aOral history
650 _aArab-Israeli conflict
650 _aIsrael
700 _aAbdo, Nahla
_eeditor
700 _aMasalha, Nur
_eeditor
942 _2ddc
_cBK
_n0
999 _c2153
_d2153